Responses for Show #831 - Monday, March 28, 1988

Steven Popper game 1.

Contestants

[<< previous game]

Steven Popper, an economist originally from Minneapolis, Minnesota

Cheryl Stein, a criminal defense lawyer from Washington, D.C.

Dave Gramling, a teacher and department chairman from Chelmsford, Massachusetts (whose 1-day cash winnings total $7,800)

[next game >>]

Jeopardy! Round responses

ANCIENT EGYPT
CELEBRITY RELATIVES
COLD-BLODDED ANIMALS
SHAKESPEARE
1987
"O" NO!
    $100 11
beards

Cheryl
    $100 12
Winston churchill

Steven
    $100 2
(Cheryl: What are their feet?)
(Steven: What are membranes? Nictitating membranes?)

their tongue

CherylSteven
Triple Stumper
    $100 6
Julius Caesar

Cheryl
    $100 1
the earth (the ground)

Steven
    $100 18
our

Cheryl
    $200 13
Tutankhamun

Steven
    $200 23
(Steven: Uh...oh, who was Cleopatra?)
(Alex: Wrong.)
(Steven: I'm still thinking of the other category.)
(Alex: I got you. Dave or Cheryl? [beep beep beep] Who was [*}?)
(Steven: I was close.)

Dale Evans

Steven
Triple Stumper
    $200 3
the goliath

Steven
    $200 7
Iago

Steven
    $200 5
Venice

Cheryl
    $200 19
okra

Steven
    $300 14
Ra

Steven
    $300 27
Marisa Berenson (or Berry)

Cheryl
    $300 4
the mouth

Dave
    $300 8
Love's Labour's Lost

Cheryl
    $300 16
Sally Ride

Steven
    $300 20
an orderly

Cheryl
    $400 15
Alexandria

Dave
    $400 28
Jacqueline Kennedy

Cheryl
    $400 30
the throat

Steven
    $500 9
the ghost of Hamlet's father

Cheryl
    $400 24
Sugar Ray Leonard

Cheryl
    $400 21
oolong

Cheryl
    $500 17
the Metropolitan Museum

Steven
    $500 29
Queenie

Cheryl
    $500 26
newts

Cheryl
    $500 10
The Tempest

Steven
    $500 25
Garrison Keillor

Steven
    $500 22
an ottoman

Cheryl

Scores at the first commercial break (after clue 13):

Dave Cheryl Steven
$300 $1,100 $1,200

Scores at the end of the Jeopardy! Round:

Dave Cheryl Steven
$700 $4,500 $3,200

Double Jeopardy! Round responses

ARTISTS
AMERICAN RIVERS
FENCING
PERFUME
PRESIDENTS
"OY" VEY!
(Alex: All the correct responses end in "oy".)
    $200 13
the Louvre

Steven
    $200 20
the Potomac

Steven
    $200 21
bamboo

Dave
    $200 26
Tuxedo

Steven
    $200 2
Thomas Jefferson

Dave
    $200 4
a toy

Cheryl
    $400 15
(Dave: What is the Kennedy Center for Performing Arts?)

the Metropolitan Opera

DaveCheryl
    $400 1
the Red River

Steven
    $400 22
the Olympics

Dave
    $300 27
(Steven: Who is Dusty Springfield?)

Dionne Warwick

Steven
    $400 3
M-I-L-H-O-U-S

Cheryl
    $400 5
annoy

Cheryl
    $600 16
Michelangelo

Cheryl
    $600 11
the Chicago River

Steven
    $600 23
gauntlets

Steven
    $600 28
Elizabeth Taylor

Steven
    $600 7
William Henry Harrison

Dave
    $600 6
ahoy

Steven
    $800 17
Titian

Steven
    $800 12
the Ohio River

Cheryl
    $800 24
a riposte

Steven
    $800 29
the pulse points

Triple Stumper
    $800 8
Benjamin Harrison

Cheryl
    $800 9
coy

Steven
    $1000 18
Goya

Steven
    $1000 19
the Hudson River

Dave
    $500 25
(2 of) the épée, sabre & foil

Steven
    $1000 30
Pavlova

Cheryl
    $1000 10
Woodrow Wilson

Dave
    $1000 14
bok choy

Cheryl

Scores at the end of the Double Jeopardy! Round:

Dave Cheryl Steven
$3,700 $10,100 $10,200

[wagering suggestions for these scores]

Final Jeopardy! Round responses

TELEVISION HISTORY
(Cheryl: I was going to say Bea Arthur.)
DaveWho are Lucille Ball and Dinah Shore
$3,500
CherylWho are Lucille Ball and Bea Ar
$10,100
StevenWho are B. Walters + D. Shore
$0
(2 of) Lucille Ball, Carol Burnett & Mary Tyler Moore

Final scores:

Dave Cheryl Steven
$200 $0 $10,200
2nd place: a secretary desk & hutch + a typewriter 3rd place: a Vivitar 35 mm camera New champion: $10,200

Game dynamics:

Coryat scores:

Dave Cheryl Steven
$3,700 $10,000 $11,000
8 R,
1 W
23 R
(including 1 DD),
1 W
25 R
(including 1 DD),
3 W
(including 1 DD)

Combined Coryat: $24,700

[game clues] [game scores] [suggest correction]

Game tape date: 1987-12-08
The J! Archive is created by fans, for fans. Scraping, republication, monetization, and malicious use prohibited; this site may use cookies and collect identifying information. See terms. The Jeopardy! game show and all elements thereof, including but not limited to copyright and trademark thereto, are the property of Jeopardy Productions, Inc. and are protected under law. This website is not affiliated with, sponsored by, or operated by Jeopardy Productions, Inc. Join the discussion at JBoard.tv.